| 000 | 00370nam a2200145Ia 4500 | ||
|---|---|---|---|
| 008 | 230917s9999||||xx |||||||||||||| ||und|| | ||
| 040 |
_e76278 _aMAIN |
||
| 041 | _aEnglish | ||
| 082 | _a658.42 B41M | ||
| 100 | _aBelbin, R Meredith | ||
| 245 | 0 | _aManagement teams: Why they succeed or fail | |
| 260 |
_aLondon _bHeinemann _c1981 |
||
| 300 | _aix, 179 p. | ||
| 942 | _cBK | ||
| 999 |
_c221611 _d221611 |
||